000
00493nam a2200145Ia 4500
008
100204s9999 xx 000 0 und d
082
_b
5916
100
_a
भागवत भा. रा.
245
_a
बोला बोला मुछासेन
260
_b
"शकुन प्रकाशन , पुणे 30"
_c
1984
300
_a
87
630
_a
बोला बोला मुछासेन
730
_a
बोला बोला मुछासेन
942
_c
BOOK
999
_c
450427
_d
450424